Inmersión temática: el currículo basado en la indagación para los primeros años y años intermedios de la escuela elemental
Guardat en:
| Autors principals: | , , |
|---|---|
| Format: | Llibre |
| Idioma: | espanyol |
| Publicat: |
Barcelona
Gedisa
2000
|
| Col·lecció: | Biblioteca de Educación
|
| Matèries: | |
| Etiquetes: |
Afegir etiqueta
Sense etiquetes, Sigues el primer a etiquetar aquest registre!
|
MARC
| LEADER | 00000nam a2200000 a 4500 | ||
|---|---|---|---|
| 001 | UCO7048 | ||
| 003 | CL-VaPUC | ||
| 008 | 001110e20000000SP |||||||||||||||||spa|d | ||
| 082 | 0 | 4 | |a 375 |b MAN |2 21 |
| 100 | |a Manning, Maryann |e autora |9 451683 | ||
| 700 | 0 | |a Manning, Gary |e author |9 451684 | |
| 700 | 0 | |a Long, Roberta |e author |9 451685 | |
| 245 | 1 | 0 | |a Inmersión temática: el currículo basado en la indagación para los primeros años y años intermedios de la escuela elemental |
| 300 | |a 207 p | ||
| 942 | |c BK | ||
| 945 | |d 20001110 00:00:00 |a rbrito | ||
| 260 | |a Barcelona |b Gedisa |c 2000 | ||
| 650 | 0 | |a Currículo |9 307290 | |
| 650 | 0 | |a Educación básica |9 224933 | |
| 650 | 0 | |a Investigación educacional |9 261192 | |
| 583 | |a last modification |c 20001110 00:00:00 |k Rodrigo Vera | ||
| 490 | 0 | |a Biblioteca de Educación | |
| 999 | |c 292264 |d 292262 | ||
| 952 | |0 0 |1 0 |4 0 |6 375_000000000000000_MAN_2000 |7 0 |8 A |9 343005 |a BIBEDU |b BIBEDU |d 2019-11-20 |i 3658899 |o 375 MAN 2000 |p 3658899 |r 2019-11-20 |w 2019-11-20 |y BK |k BME | ||